Anuario estadístico 1997

保存先:
書誌詳細
団体著者: Caja Costarricense de Seguro Social. Gerencia de Modernización y Desarrollo. Dirección Actuarial y de Planificación Económica. Departamento de estadística
フォーマット: テキスト
出版事項: Costa Rica : Caja Costarricense de Seguro Social
タグ: タグ追加
タグなし, このレコードへの初めてのタグを付けませんか!

MARC

LEADER 00000 a a2200000 04500
001 36091
003
040
090 |a 1006 C139a  
110 |a Caja Costarricense de Seguro Social. Gerencia de Modernización y Desarrollo. Dirección Actuarial y de Planificación Económica. Departamento de estadística  
245 |a Anuario estadístico 1997  
260 |a Costa Rica :   |b Caja Costarricense de Seguro Social  
300 |a 202 p.  
999 |c 11673  |d 11673